Compendium of Accounting Standards: Accounting standards mandatory (Record no. 503343)

000 -LEADER
fixed length control field 00451cam a22001337a 4500
008 - FIXED-LENGTH DATA ELEMENTS--GENERAL INFORMATION
fixed length control field 180718b2012 xxu||||| |||| 00| 0 eng d
020 ## - INTERNATIONAL STANDARD BOOK NUMBER
International Standard Book Number 9788188437900
082 ## - DEWEY DECIMAL CLASSIFICATION NUMBER
Classification number L9 In7c
100 ## - MAIN ENTRY--PERSONAL NAME
Personal name Institute of Chartered Accountants of India
245 ## - TITLE STATEMENT
Title Compendium of Accounting Standards: Accounting standards mandatory
Statement of responsibility, etc. by Institute of Chartered Accountants of India
260 ## - PUBLICATION, DISTRIBUTION, ETC.
Place of publication, distribution, etc. ICAI
Name of publisher, distributor, etc. New Delhi
Date of publication, distribution, etc. 2012
300 ## - PHYSICAL DESCRIPTION
Extent 652P.
650 ## - SUBJECT ADDED ENTRY--TOPICAL TERM
Topical term or geographic name entry element Accounting Standards
Holdings
Withdrawn status Lost status Damaged status Not for loan Permanent Location Current Location Date acquired Full call number Barcode Date last seen Price effective from Koha item type
        Indian Institute of Public Administration Indian Institute of Public Administration 2018-08-04 L9 In7c GR19856 2018-08-04 2018-08-04 GR

Powered by Koha